| 000 | 01157nam a22002777a 4500 | ||
|---|---|---|---|
| 003 | OSt | ||
| 005 | 20251017172941.0 | ||
| 008 | 240201b ||||| |||| 00| 0 eng d | ||
| 040 | _c0 | ||
| 082 | _aDPer 621.317 Ie21 January 2022 v. 37 n. 1 | ||
| 100 |
_aLi, Hong. _eauthor. _951123 |
||
| 245 |
_aA compact EMI filter design by reducing the common-mode inductance with chaotic PWM technique / _cHong Li, Yuhang Ding, Chongmo Zhang, Zhichang Yang, Zhichao Yang, and Bo Zhang. |
||
| 260 |
_aNew York ; _bThe Institute of Electrical and Electronics Engineers, Inc. , _cJanuary 2022. |
||
| 300 |
_aVolume 37, pages 473-484 : _billustration ; _c28 cm. |
||
| 500 | _aIEEE Transactions on Power Electronics, v. 37 n. 1, pages 473-484, January 2022. | ||
| 650 | 0 |
_aCapacitance. _965804 |
|
| 650 | 0 |
_aElectromagnetic interference. _965852 |
|
| 650 | 0 |
_aInductors. _965801 |
|
| 700 |
_aLi, Hong. _eauthor. _951123 |
||
| 700 |
_aDing, Yuhang. _eauthor. _951124 |
||
| 700 |
_aZhang, Chongmo. _eauthor. _951125 |
||
| 700 |
_aYang, Zhichang. _eauthor. _951126 |
||
| 700 |
_aYang, Zhichao. _eauthor. _951127 |
||
| 700 |
_aZhang, Bo. _eauthor. _951128 |
||
| 942 |
_2ddc _cPER |
||
| 999 |
_c18859 _d18859 |
||